Catálogo
Digital

Catálogo
Digital

Estudio introductorio del derecho ambiental nacional e internacional (Record no. 14189)

MARC details
000 -CABECERA
campo de control de longitud fija 03271nam a2200301 4500
003 - IDENTIFICADOR DEL NÚMERO DE CONTROL
campo de control EC-UNACH
005 - FECHA Y HORA DE LA ÚLTIMA TRANSACCIÓN
campo de control 20251117113333.0
006 - CÓDIGOS DE INFORMACIÓN DE LONGITUD FIJA--CARACTERÍSTICAS DEL MATERIAL ADICIONAL
campo de control de longitud fija s||||gr|||| 00| 00
008 - DATOS DE LONGITUD FIJA--INFORMACIÓN GENERAL
campo de control de longitud fija 150116t9999 mx r gr 000 0 spa d
020 ## - NÚMERO INTERNACIONAL ESTÁNDAR DEL LIBRO
Número Internacional Estándar del Libro 978-9942-10-246-1
040 ## - FUENTE DE LA CATALOGACIÓN
Centro catalogador/agencia de origen EC-UNACH
Centro/agencia transcriptor EC-UNACH
041 ## - CÓDIGO DE LENGUA
Código de lengua del texto/banda sonora o título independiente spa
082 04 - NÚMERO DE LA CLASIFICACIÓN DECIMAL DEWEY
Número de edición 23
Número de clasificación 348.02
Número de documento/Ítem L018328
110 ## - ENTRADA PRINCIPAL--NOMBRE DE ENTIDAD CORPORATIVA
Nombre de entidad corporativa o nombre de jurisdicción como elemento de entrada Corporación de estudios y publicaciones
245 ## - MENCIÓN DE TÍTULO
Título Estudio introductorio del derecho ambiental nacional e internacional
250 ## - MENCIÓN DE EDICIÓN
Mención de edición Primera edición
264 ## - Producción, publicación, distribución, fabricación y copyright
Lugar de producción, publicación, distribución, fabricación Ecuador
Nombre del de productor, editor, distribuidor, fabricante Corporación de estudios y publicaciones
Fecha de de producción, publicación, distribución, fabricación o copyright 2015
300 ## - DESCRIPCIÓN FÍSICA
Extensión 146
505 ## - NOTA DE CONTENIDO CON FORMATO
Nota de contenido con formato CAPÍTULO I APRECIACIONES INTRODUCTORIAS AL ESTUDIO DEL DERECHO AMBIENTAL<br/><br/>1.1.- El ambiente 1.2.- El medio ambiente como sujeto de derecho 1.3.- Tendencia moderna de la concepción del ambiente 1.4.- El desarrollo sostenible 1.5.- El desarrollo sustentable 1.6.- La vida, la naturaleza y el Derecho 1.7.- El Derecho y el cambio global<br/><br/>CAPÍTULO II EL DERECHO AMBIENTAL ANALIZADO DESDE SU PERSPECTIVA ELEMENTAL<br/><br/>2.1.- Evolución del Derecho Ambiental 2.2.- Definiciones de Derecho Ambiental 2.3.- El rol del Derecho Ambiental<br/><br/>2.4.- Características del Derecho Ambiental 2.5.- Sujetos del Derecho Ambiental 2.6.- Fuentes del Derecho Ambiental<br/><br/>CAPÍTULO III PANORAMA BÁSICO DEL DERECHO INTERNACIONAL AMBIENTAL EN SUS PRINCIPALES DECLARACIONES<br/><br/>3.1.- El derecho internacional del medio ambiente 3.2.- Fuentes del Derecho Internacional Ambiental 3.3.- Breve análisis de las principales cumbres internacionales en materia ambiental 3.3.1.- La conferencia de Estocolmo 3.3.2.- Carta Mundial de la Naturaleza 3.3.3.- Conferencia de Río de Janeiro 3.4.- Breve comparación de estos instrumentos 3.5.- Otros instrumentos internacionales: 3.5.1.- Conferencia de Johannesburgo del 2002 3.5.2.- Protocolo de kyoto 3.6.- Arbitraje y Conciliación 3.7.- Aportes de las ONGs<br/><br/>CAPÍTULO IV IMPORTANCIA DE LA CULTURA Y EDUCACIÓN AMBIENTAL EN LA CONCIENCIA CIUDADANA<br/><br/>4.1.- El deber ambiental y el Derecho Ambiental 4.2.- La realidad y el concepto de la educación ambiental 4.3.- Objetivos de la educación ambiental 4.4.- La Educación y gestión ambiental 4.5.- La importancia de la educación ambiental 4.6.- Exposición de algunos parámetros para construir un proyecto educativo ambiental 4.7.- La educación ambiental en lo técnico y profesional y sugerencias de estrategias para la formación de docentes en materia ambiental 4.8.- Constitución Política de la República del Ecuador 1.998 y Legislación Ambiental aplicada en el Ecuador 4.9.- Constitución de la República del Ecuador 2008 y Código Orgánico Integral Penal- COIP. 4.10.- Derecho Penal Ambiental y Código Integral Penal – COIP en el Ecuador 4.11.- Análisis comparativo entre la legislación ambiental del Código Penal y el marco normativo del COIP. 4.11.1.- La Remisión de la norma frente al delito ambiental 4.11.2.- Código Integral Penal -COIP: Legislación Ambiental
650 ## - PUNTO DE ACCESO ADICIONAL DE MATERIA--TÉRMINO DE MATERIA
Término de materia o nombre geográfico como elemento inicial EL AMBIENTE
650 ## - PUNTO DE ACCESO ADICIONAL DE MATERIA--TÉRMINO DE MATERIA
Término de materia o nombre geográfico como elemento inicial EVOLUCIÓN DEL DERECHO AMBIENTAL
650 ## - PUNTO DE ACCESO ADICIONAL DE MATERIA--TÉRMINO DE MATERIA
Término de materia o nombre geográfico como elemento inicial CARTA MUNDIAL DE LA NATURALEZA
700 ## - PUNTO DE ACCESO ADICIONAL--NOMBRE DE PERSONA
Nombre de persona David Sánchez Santillán
942 ## - ELEMENTOS DE PUNTO DE ACCESO ADICIONAL (KOHA)
Fuente del sistema de clasificación o colocación Clasificación Decimal Dewey
Tipo de ítem Koha Libros
999 ## - NÚMEROS DE CONTROL DE SISTEMA (KOHA)
Koha biblionumber 14189
Holdings
Estado de pérdida Fuente del sistema de clasificación o colocación Estado dañado No para préstamo Localización permanente Ubicación/localización actual Ubicación en estantería Fecha de adquisición Fuente de adquisición Número de inventario Total de préstamos Signatura topográfica completa Código de barras Fecha visto por última vez Precio válido a partir de Tipo de ítem Koha Centro de costos
  Clasificación Decimal Dewey     Biblioteca Campus Norte Biblioteca Campus Norte Facultad de Ingeniería - Generalidades 17/11/2025 Transitoria segunda Resolución N°0311-CU-UNACH-SE-ORD-16-09-24 39932783   348.02 SAN L018328 L018328 17/11/2025 17/11/2025 Libros  

Powered by Koha